书目信息 |
| 题名: |
希腊古典神话
|
|
| 作者: | 施瓦布著.曹乃云 译 | |
| 分册: | ||
| 出版信息: | 南京 译林出版社 1995.05 |
|
| 页数: | 739页 | |
| 开本: | 32开 | |
| 丛书名: | ||
| 单 册: | ||
| 中图分类: | I516.73 | |
| 科图分类: | ||
| 主题词: | 文学 | |
| 电子资源: | ||
| ISBN: | 7-80567-500-7 | |
| 000 | 00577nam0 2200193 45 | |
| 001 | 0009140952 | |
| 005 | 20000914090830.5 | |
| 010 | @a7-80567-500-7@d26.50元 | |
| 100 | @a20000914d1995 km y0chiy0120 ea | |
| 101 | 0 | @achi |
| 105 | @a z 000yy | |
| 200 | 1 | @a希腊古典神话@AXi La Gu Dian Shen Hua@f(德国)施瓦布著.曹乃云(译)@F(De Guo)Shi Wa Bu Zhu.Cao Nai Yun(Yi) |
| 210 | @a南京@c译林出版社@d1995.05 | |
| 215 | @a739页@d32开 | |
| 606 | 0 | @a文学 |
| 690 | @aI516.73@v3 | |
| 701 | 0 | @a施瓦布著.曹乃云@4译 |
| 801 | @aCN@bPftUser@c20000914 | |
| 905 | @b141127-129@dI516.73@eSH073@f3 | |
| 希腊古典神话/(德国)施瓦布著.曹乃云(译).-南京:译林出版社,1995.05 |
| 739页;32开 |
| ISBN 7-80567-500-7:26.50元 |
| ● |
| 相关链接 |
|
|
|
正题名:希腊古典神话
索取号:I516.73/SH073
 
预约/预借
| 序号 | 登录号 | 条形码 | 馆藏地/架位号 | 状态 | 备注 |
| 1 | 141127 | 201411276 | 文学库116/ [索取号:I516.73/SH073] | 在馆 | |
| 2 | 141128 | 201411285 | 文学库116/ [索取号:I516.73/SH073] | 在馆 | |
| 3 | 141129 | 201411294 | 社科二线400B/400B社科库 28排3列5层/ [索取号:I516.73/SH073] | 在馆 |